| 000 | 00584 a2200169 4500 | ||
|---|---|---|---|
| 999 |
_c9335 _d9335 |
||
| 020 | _a9780409058468 | ||
| 050 | _aKF8810 FAR 2012 | ||
| 100 |
_a Faris, J. A.; Hurter, E. 1955- _eeditor |
||
| 245 |
_aThe student handbook for civil procedure / _ccompiled and edited by J.A. Faris, E. Hurter. |
||
| 264 |
_aDurban : _bLexisNexis, _c2015 |
||
| 300 | _avii, 367 pages : forms ; 24 cm | ||
| 500 | _alncludes index | ||
| 650 | _aCourt rules -- South Africa. Civil procedure. | ||
| 650 | _aCivil procedure -- South Africa. | ||
| 650 | _a Civil procedure. | ||
| 942 |
_2lcc _cBK _h8810 _iFAR _kKF |
||